| 000 | 06994cam a22020054i 4500 | ||
|---|---|---|---|
| 003 | PE-LiUPU | ||
| 005 | 20250813165858.0 | ||
| 008 | 150706s2012 r 000 0 d | ||
| 020 | _a9788429179767 | ||
| 035 | _a(Sirsi) i9788429179767 | ||
| 040 |
_aPE-LiUPU _bspa _cPE-LiUPU _erda |
||
| 049 | _aPRUA | ||
| 082 | 0 | 4 |
_a628.3 _bR96 _221 |
| 100 | 1 |
_aRussell, David L., _eautor. |
|
| 245 | 1 | 0 |
_aTratamiento de aguas residuales : _bun enfoque práctico / _cDavid L. Russell. |
| 264 | 1 |
_aBarcelona : _bReverté, _c2012. |
|
| 300 |
_a273 páginas : _bilustraciones ; _c25 cm. |
||
| 336 |
_atext _2rdacontent |
||
| 337 |
_aunmediated _2rdamedia |
||
| 338 |
_avolume _2rdacarrier |
||
| 500 | _aTítulo de la obra original: Practical Wastewater Treatment. | ||
| 505 | 0 | _aComposición del agua -- Agua dulce -- Iones y sales presentes en el agua -- Principales contaminantes e iones presentes en el agua y métodos de medida -- Recursos hídricos -- Calidad del agua -- Reglamentos de la calidad del agua -estructura legal -- Normas y regulaciones para el control de la calidad del agua -- Efectos de la contaminación -- Medida del caudal -- Muestreo u consideraciones estadísticas -- Conceptos importantes de la química acuática -- Elementos del tratamiento biológico -- Precipitación y sedimentación -- Teoría y práctica de la filtración -- Desinfección -- Eliminación del nitrógeno -- Eliminación del fósforo -- Tratamiento anaeróbico -- Micro/ultrafiltración -- Ósmosis inversa -- Adsorción con carbono -- Intercambio iónico -- Flotación con aire disuelto y técnicas -- Coagulación, floculación y tratamiento químico -- Casos sobre residuos. | |
| 526 | _aP203 | ||
| 526 | _aP200 | ||
| 526 | _aSEG65 | ||
| 526 | _aSEG64 | ||
| 526 | _aSEG63 | ||
| 526 | _aSEG62 | ||
| 526 | _aSEG61 | ||
| 526 | _aSEG60 | ||
| 526 | _aSEG59 | ||
| 526 | _aSEG58 | ||
| 526 | _aSEG57 | ||
| 526 | _aSEG56 | ||
| 526 | _aSEG55 | ||
| 526 | _aSEG54 | ||
| 526 | _aSEG53 | ||
| 526 | _aSEG52 | ||
| 526 | _aSEG51 | ||
| 526 | _aSEG50 | ||
| 526 | _aSEG49 | ||
| 526 | _aSEG48 | ||
| 526 | _aSEG47 | ||
| 526 | _aSEG46 | ||
| 526 | _aSEG24 | ||
| 526 | _aSEG23 | ||
| 526 | _aSEG22 | ||
| 526 | _aSEG21 | ||
| 526 | _aSEG20 | ||
| 526 | _aSEG19 | ||
| 526 | _aSEG18 | ||
| 526 | _aSEG17 | ||
| 526 | _aSEG16 | ||
| 526 | _aSEG14 | ||
| 526 | _aSEG13 | ||
| 526 | _aSEG12 | ||
| 526 | _aSEG11 | ||
| 526 | _aSEG10 | ||
| 526 | _aSEG09 | ||
| 526 | _aSEG06 | ||
| 526 | _aSEG05 | ||
| 526 | _aSEG04 | ||
| 526 | _aSEG03 | ||
| 526 | _aSEG02 | ||
| 526 | _aSEG68 | ||
| 526 | _aSEG66 | ||
| 526 | _aSEG45 | ||
| 526 | _aSEG25 | ||
| 526 | _aSEG01 | ||
| 526 | _aP163 | ||
| 526 | _aP162 | ||
| 526 | _aP161 | ||
| 526 | _aP160 | ||
| 526 | _aP159 | ||
| 526 | _aP158 | ||
| 526 | _aP157 | ||
| 526 | _aP156 | ||
| 526 | _aP155 | ||
| 526 | _aP154 | ||
| 526 | _aP153 | ||
| 526 | _aP152 | ||
| 526 | _aP151 | ||
| 526 | _aP150 | ||
| 526 | _aP149 | ||
| 526 | _aP142 | ||
| 526 | _aP141 | ||
| 526 | _aP140 | ||
| 526 | _aP139 | ||
| 526 | _aP138 | ||
| 526 | _aP137 | ||
| 526 | _aP132 | ||
| 526 | _aP131 | ||
| 526 | _aP130 | ||
| 526 | _aP126 | ||
| 526 | _aP125 | ||
| 526 | _aP124 | ||
| 526 | _aP123 | ||
| 526 | _aP115 | ||
| 526 | _aP122 | ||
| 526 | _aP121 | ||
| 526 | _aP116 | ||
| 526 | _a P114 | ||
| 526 | _aP112 | ||
| 526 | _aP111 | ||
| 526 | _aP104 | ||
| 526 | _aP103 | ||
| 526 | _aP102 | ||
| 526 | _aP101 | ||
| 526 | _aP100 | ||
| 526 | _aP96 | ||
| 526 | _aP95 | ||
| 526 | _aP93 | ||
| 526 | _aP92 | ||
| 526 | _aP91 | ||
| 526 | _aP88 | ||
| 526 | _aP83 | ||
| 526 | _aP82 | ||
| 526 | _aP79 | ||
| 526 | _aP78 | ||
| 526 | _aP75 | ||
| 526 | _aP74 | ||
| 526 | _aP71 | ||
| 526 | _aP69 | ||
| 526 | _a P51 | ||
| 526 | _aP49 | ||
| 526 | _aP48 | ||
| 526 | _aP47 | ||
| 526 | _aP33 | ||
| 526 | _aP31 | ||
| 526 | _a P30 | ||
| 526 | _aP29 | ||
| 526 | _aP27 | ||
| 526 | _aP26 | ||
| 526 | _aP25 | ||
| 526 | _aP24 | ||
| 526 | _a P22 | ||
| 526 | _aP10 | ||
| 526 | _aP09 | ||
| 526 | _a P08 | ||
| 526 | _aP06 | ||
| 526 | _aP05 | ||
| 526 | _aP04 | ||
| 526 | _aP01 | ||
| 541 | _g015-0014332; | ||
| 541 | _g015-0014332; | ||
| 541 | _g001-0036246; | ||
| 541 | _g001-001348; | ||
| 541 | _g015-0016196; | ||
| 541 | _g015-0016196; | ||
| 650 | 0 | 4 |
_aAguas residuales _xDepuración. |
| 650 | 0 | 4 |
_aAguas residuales _xTratamiento. |
| 700 | 1 |
_aBonet Ruiz, Jordi, _etr. |
|
| 700 | 1 |
_aCosta López, José, _etr. |
|
| 910 |
_agl _bjv _cng _d20121011 |
||
| 942 |
_2ddc _cBOOK |
||
| 949 |
_a628.3 R96 _wDEWEY _c1 _i65531 _lCCODEBUL1 _mBUL _p64.00 _r0 _sY _tBOOK _u2015-7-6 _xINGENIERIA _PP24 _o.STAFF. Colección General |
||
| 949 |
_a628.3 R96 _wDEWEY _c2 _i65532 _lCCODEBUL1 _mBUL _p64.00 _r0 _sY _tBOOK _u2015-7-6 _xINGENIERIA _PP24 _o.STAFF. Colección General |
||
| 949 |
_a628.3 R96 _wDEWEY _c3 _i65663 _lCCODEBUL1 _mBUL _p66.00 _r0 _sY _tBOOK _u2015-7-6 _xINGENIERIA _PP24 _o.STAFF. Colección General |
||
| 949 |
_a628.3 R96 _wDEWEY _c4 _i68096 _lCCODEBUL1 _mBUL _p63.00 _r0 _sY _tBOOK _u2015-7-6 _xINGENIERIA _PP24 _o.STAFF. Colección General |
||
| 949 |
_a628.3 R96 _wDEWEY _c5 _i69264 _lCCODEBUL1 _mBUL _p74.00 _r0 _sY _tBOOK _u2015-7-6 _xINGENIERIA _PP24 _o.STAFF. Colección General |
||
| 949 |
_a628.3 R96 _wDEWEY _c6 _i69265 _lCCODEBUL1 _mBUL _p74.00 _r0 _sY _tBOOK _u2015-7-6 _xINGENIERIA _PP24 _o.STAFF. Colección General |
||
| 994 |
_aC0 _bPEPRU |
||
| 596 | _a1 | ||
| 999 |
_a628.3 R96 _wDEWEY _c54011 _i65531 _d54011 _e2017-8-11 _f2021-11-9 _g7 _lCCODEBUL1 _mBUL _n3 _p64.00 _r0 _sY _tBOOK _u2015-7-6 _xINGENIERIA _PP24 _0COMPRA _o.STAFF. Colección General |
||
| 999 |
_a628.3 R96 _wDEWEY _c2 _i65532 _d2018-4-17 _e2017-9-7 _f2021-11-9 _g7 _lCCODEBUL1 _mBUL _n1 _p64.00 _q1 _r0 _sY _tBOOK _u2015-7-6 _xINGENIERIA _PP24 _0COMPRA _o.STAFF. Colección General |
||
| 999 |
_a628.3 R96 _wDEWEY _c3 _i65663 _d2019-5-15 _e2018-4-17 _f2021-11-9 _g7 _lCCODEBUL1 _mBUL _n2 _p66.00 _q4 _r0 _sY _tBOOK _u2015-7-6 _xINGENIERIA _PP24 _0COMPRA _o.STAFF. Colección General |
||
| 999 |
_a628.3 R96 _wDEWEY _c4 _i68096 _f2021-11-9 _g7 _lCCODEBUL1 _mBUL _p63.00 _r0 _sY _tBOOK _u2015-7-6 _xINGENIERIA _PP24 _0COMPRA _o.STAFF. Colección Ingenieria y Arquitectura |
||
| 999 |
_a628.3 R96 _wDEWEY _c5 _i69264 _d2018-3-16 _e2015-9-17 _f2021-11-9 _g7 _lCCODEBUL1 _mBUL _n1 _p74.00 _q2 _r0 _sY _tBOOK _u2015-7-6 _xINGENIERIA _PP24 _0COMPRA _o.STAFF. Colección Ingenieria y Arquitectura |
||
| 999 |
_a628.3 R96 _wDEWEY _c6 _i69265 _d2018-11-21 _e2018-11-20 _f2021-11-9 _g7 _lCCODEBUL1 _mBUL _n5 _p74.00 _q4 _r0 _sY _tBOOK _u2015-7-6 _xINGENIERIA _PP24 _0COMPRA _o.STAFF. Colección Ingenieria y Arquitectura |
||
| 980 |
_81 _gALBERTO SANCHEZ Responsable de Automatización |
||